| 000 | 00000nam 2200000za 4500 |
| 001 | 9.696357 |
| 003 | CaOODSP |
| 005 | 20221107134516 |
| 007 | cr ||||||||||| |
| 008 | 150407s1997 onc #o f000 0 eng d |
| 020 | |z0-662-26427-4 |
| 040 | |aCaOODSP|beng |
| 043 | |an-cn--- |
| 086 | 1 |aR32-189/1997E-PDF|zR32-189-1997E |
| 245 | 00|aGathering strength |h[electronic resource] : |bCanada's Aboriginal Action Plan. |
| 260 | |aOttawa : |bMinister of Indian Affairs and Northern Development, |c1997. |
| 300 | |a23 p. |
| 500 | |aFor "Gathering Strength, Canada's Aboriginal Action Plan, a progress report," please see R32-192E-PDF. |
| 500 | |aFor the French version of this publication, please see R5-620/1998-PDF. |
| 590 | |a12-28-Supp|b2012-06-15 |
| 690 | 07|aIndigenous peoples|2gcpds |
| 690 | 07|aGovernment policy|2gcpds |
| 710 | 1 |aCanada. |bIndian and Northern Affairs Canada. |
| 856 | 40|ahttp://publications.gc.ca|qPDF|s443 KB|uhttps://publications.gc.ca/collections/collection_2012/aadnc-aandc/R32-189-1997-eng.pdf |
| 986 | |aQS-6121-000-EE-A1 |